|
|
|
|
| LEADER |
00000naa a22000007a 4500 |
| 005 |
2011101000410.0 |
| 008 |
111010s2011 sp |||||s|||| 00||0 spa d |
| 020 |
|
|
|a 978-84-9982-079-8
|
| 035 |
|
|
|a 5766
|
| 040 |
|
|
|a vLex
|
| 090 |
|
|
|c 2646
|d 2646
|
| 245 |
0 |
0 |
|a Restriccin̤ a la libertad de disposicin̤ mortis causa
|h [Recurso electrn̤ico] /
|c Oscar Monje Balsameda
|
| 256 |
|
|
|a Servicio en ln̕ea.
|
| 260 |
|
|
|a Madrid :
|b Dykinson,
|c 2011
|
| 300 |
|
|
|a 1 recurso electrn̤ico
|
| 506 |
1 |
|
|a Contenido solo disponible en los productos indicados
|d vLex Global
|d vLex Global (Academic Edition, excluding Law Schools)
|d vLex Global (U.S. Academic Edition, Law Schools)
|d vLex Global (U.S. Academic Edition, excluding Law Schools)
|d vLex Global (Academic Edition, Law Schools)
|
| 650 |
0 |
4 |
|a Herencias y sucesin̤
|z Espaą
|
| 700 |
1 |
|
|a Monje Balsameda, Oscar
|e coord.
|
| 740 |
0 |
|
|a vLex Libros (Servicio en ln̕ea)
|
| 830 |
|
0 |
|a Cuadernos prc̀ticos Bolonia
|p Sucesin̤
|v IV
|
| 856 |
4 |
0 |
|u http://vlex.com/source/cuadernos-practicos-bolonia-sucesionesrestriccion-libertad-disposicion-mortis-causa-5766
|z Acceso restringido
|
| 942 |
|
|
|c BOOK
|